000 00919nac a22002777a 4500
001 BR8404353
003 BR-BrBNA
005 20240105120143.0
008 230509b bl.|||m| |||| 00| 0 por d
040 _aBR-BrBNA
_bpor
_cBiblioteca Nacional de Agricultura
072 _aF01
090 _a0590 BR8404353
100 1 _aFerreira, M. dos G.
100 1 _aOliveira, E.L.P.G. de
100 1 _aBarboza, M.M. da S.
110 1 _aEmpresa de Pesquisa Agropecuaria da Bahia, Salvador (Brasil)
_94095
245 1 _aAvaliacao tecnica do sistema atual de exploracao da piacava na Bahia [Brasil]
260 3 _aSalvador, BA (Brasil):
_c1984.
300 _a2 p.
490 _aPesquisa em Andamento - Empresa de Pesquisa Agropecuaria da Bahia (Brazil)
_vno. 10
_xISSN 0100-4816
650 _aPIACAVA
650 _aPLANTIO
650 _aBAHIA
909 _a202312
_bLúcia Elande
_c55
_dLúcia Elande
942 _2AGRIS
_n0
_cMS
999 _c278139
_d278139